000 00689nam a2200241Ia 4500
003 OSt
005 20221007100956.0
006 a|||||r|||| 00| 0
007 ta
008 221006b |||||||| |||| 00| 0 eng d
024 _a5,584
037 _cTextual
040 _aLCO
_cLCO
_beng
041 _2eng
_aeng
082 _aX:516ObZ,7,4113, K7
100 _aDIPLOCK W J K
_9702404
245 0 _aRole of the Judicial process in the regulation of competition
260 _aLondon
_bOxford University Press
_c1967
300 _a27
650 _aJUDICIAL PROCESS
_9683962
942 _hX:516ObZ,7,4113, K7
_cTEXL
999 _c1175147
_d1175147